Statistics for 69 Elements

Click here to take the quiz!

General Stats

  • This quiz has been taken 6 times
  • The average score is 31 of 69

Answer Stats

HintAnswer% Correct
BeBeryllium
83%
BrBromine
83%
CoCobalt
83%
CuCopper
83%
FFluorine
83%
AuGold
83%
HeHelium
83%
HHydrogen
83%
FeIron
83%
Pblead
83%
LiLithium
83%
MgMagnesium
83%
OOxygen
83%
AgSilver
83%
SnTin
83%
ArArgon
67%
CCarbon
67%
CeCesium
67%
ClChlorine
67%
SiSilicon
67%
XeXenon
67%
SbAntimony
50%
AsArsenic
50%
CaCalcium
50%
FrFrancium
50%
InIndium
50%
NNitrogen
50%
KPotassium
50%
RnRadon
50%
SeSelenium
50%
NaSodium
50%
SSulfur
50%
ThThorium
50%
TiTitanium
50%
ZnZinc
50%
BaBarium
33%
BiBismuth
33%
BBoron
33%
CdCadmium
33%
GaGalium
33%
GeGermanium
33%
IIodine
33%
HgMercury
33%
NiNickle
33%
PdPalladium
33%
PPhosphorus
33%
RbRubidium
33%
ScScandium
33%
SrStrontium
33%
TcTechnetium
33%
YYttrium
33%
ZrZirconium
33%
CsCaesium
17%
CrChromium
17%
KrKrypton
17%
NeNeon
17%
PuPlutonium
17%
PoPolonium
17%
RhRhodium
17%
RuRuthenium
17%
VVanadium
17%
AlAliuminum
0%
LaLanthenum
0%
MnMangenese
0%
MoMolybdenum
0%
NdNeodymium
0%
NbNiobium
0%
PrPraseodymium
0%
TeTellerium
0%

Score Distribution

Percentile by Number Answered

Percent of People with Each Score

Your Score History

You have not taken this quiz